000 00591pam a2200217 a 4500
001 950611
005 20180209035946.0
008 840130s1984 nyua b 000 0 eng
010 _a 84002165
020 _a0671509039 :
_c$12.95
040 _aDLC
_cDLC
_dDLC
041 _aeng
080 _a613.7 dar
082 0 0 _a613.7 dar
_219
100 1 _a49
101 _apsi
245 1 0 _aQuantum fitness :
_cIrving Dardik, Denis Waitley.
504 _aBibliography: p. 177-179.
906 _a7
_bcbc
_corignew
_d1
_eocip
_f19
_gy-gencatlg
942 _2ddc
_cBK
999 _c42222
_d42222